| 000 | 00575cab a2200217 4500 | ||
|---|---|---|---|
| 001 | X2623 | ||
| 008 | 090401t1990 xxu||||| |||| 00| 0 eng d | ||
| 035 | _a(Sirsi) u25391 | ||
| 041 | _aeng | ||
| 100 | _aGeaney, C. | ||
| 245 | 2 | _aA strategy for the development of a cost estimating database | |
| 260 | _c1990 | ||
| 350 | _a0 | ||
| 490 |
_aChartered Builder _v2(5) September/October 1990, 26-29(4) |
||
| 650 | _aCONTRACT ADMINISTRATION | ||
| 650 | _aCOST CONTROL | ||
| 650 | _aESTIMATING | ||
| 690 |
_aQuantity surveying _96263 |
||
| 942 | _n0 | ||
| 948 | _c04/03/1997 | ||
| 999 |
_c17051 _d17051 |
||